| 000 | 00724nam a2200181 a 4500 | ||
|---|---|---|---|
| 008 | 100602s2008 ||||||||||||||||| || u | ||
| 020 | _a9789791412766 | ||
| 050 | _aCIFOR(02) | ||
| 100 | _aAngelsen, Arild | ||
| 245 | 1 | 0 |
_aMoving ahead with Redd: issues,options and implications. _cEdited by Arild Angelsen |
| 260 |
_aBogor Barat (Indinesia) _bCIFOR _c2008 |
||
| 300 | _axii, 156p. ill | ||
| 350 | _a0.00 | ||
| 650 | _aDEFORESTATION--CONTROL | ||
| 650 | _aCLIMATE CHANGE--COMESA | ||
| 710 | _aCentre for International Forestry Research (CIFOR) | ||
| 995 |
_D0.00 _FCBU-MAIN LIBRARY (Kitwe) _H1 _I0.00 _M1 _UAVAILABLE _WAug 9, 2010 _ZInternational Publications |
||
| 999 |
_c51736 _d51736 |
||